000 00719nam a2200181Ia 4500
008 090124s9999 xx 000 0 und d
082 _b31223
100 _aदेशपांडे नितीन
245 _a माणूस नावाचे निगेटीव्ह वर्तुळ
250 _a1
260 _bनीहारा प्रकाशन
_c1993
300 _a42
600 _aदेशपांडे नितीन
630 _a माणूस नावाचे निगेटीव्ह वर्तुळ
700 _aदेशपांडे नितीन
730 _a माणूस नावाचे निगेटीव्ह वर्तुळ
942 _cBOOK
999 _c97288
_d97288